| Tag |
First Indicator |
Second Indicator |
Subfields |
| LEADER |
00000cam a2200000M 4500 |
| 001 |
in00004530270 |
| 005 |
20191205081710.0 |
| 008 |
770218s1975 xx o000 0 ger d |
| 035 |
|
|
|a (OCoLC)ocn630112023
|
| 035 |
|
|
|a (OCoLC)630112023
|
| 035 |
|
|
|z (UtOrBLW)62358
|
| 035 |
|
|
|a 89612
|
| 040 |
|
|
|a U3G
|c U3G
|d UtOrBLW
|
| 049 |
|
|
|a TMVM
|
| 110 |
2 |
|
|a Justus Liebig-Universität Giessen.
|b Fachbereich Veterinärmedizin.
|
| 245 |
1 |
0 |
|a Analyse Einer Grosstierpraxis in Nordhessen Fur Die Jahre 1968-1973. (Thesis).
|
| 264 |
|
1 |
|a [Place of publication not identified] :
|b [publisher not identified],
|c 1975.
|
| 300 |
|
|
|a 75 pages
|
| 336 |
|
|
|a text
|2 rdacontent
|b txt
|
| 337 |
|
|
|a unmediated
|2 rdamedia
|
| 338 |
|
|
|a volume
|2 rdacarrier
|b nc
|
| 490 |
1 |
|
|a Giessen, Veterinaer-Med. Diss ;
|v 75-Kr
|
| 700 |
1 |
|
|a Krautwig, P.
|
| 830 |
|
0 |
|a Giessen, Veterinaer-Med. Diss. ;
|v 75-Kr.
|
| 994 |
|
|
|a C0
|b TMV
|
| 999 |
|
|
|a MARS
|
| 999 |
f |
f |
|s a340abda-11d7-3679-971e-3c9987444e2c
|i f610e974-93a3-311c-a6e2-2904fb6c439f
|t 0
|
| 952 |
f |
f |
|p preservation
|a Texas A&M University
|b J.J. Pickle Campus
|c High Density Repository
|d Remote Storage
|t 0
|e German dissertations
|h Other scheme
|i unmediated -- volume
|m 3238902451756
|
| 998 |
f |
f |
|a German dissertations
|t 0
|l Remote Storage
|